The return / (Record no. 367)

MARC details
000 -LEADER
fixed length control field 00755pam a2200277 a 4500
001 - CONTROL NUMBER
control field 12727
003 - CONTROL NUMBER IDENTIFIER
control field GBCCL
005 - DATE AND TIME OF LATEST TRANSACTION
control field 20241126110336.0
008 - FIXED-LENGTH DATA ELEMENTS--GENERAL INFORMATION
fixed length control field 851226s1986 tnu b 00010 eng
010 ## -
-- 85031943
020 ## - INTERNATIONAL STANDARD BOOK NUMBER
International Standard Book Number 0840755015 :
Terms of availability $12.95
035 ## - SYSTEM CONTROL NUMBER
System control number OCM13010124
040 ## - CATALOGING SOURCE
Original cataloging agency DLC
Transcribing agency DLC
Modifying agency m/c
-- LBB
049 ## -
-- LBBK
050 0# -
-- BT886
-- .E93 1986
082 0# - DEWEY DECIMAL CLASSIFICATION NUMBER
Classification number 236
Edition information 19
Item number EVA
092 ## - LOCALLY ASSIGNED DEWEY CALL NUMBER (OCLC)
Classification number 232.6
Item number E92, 1986
100 10 - MAIN ENTRY--PERSONAL NAME
Personal name Evans, Mike,
Dates associated with a name 1947-
9 (RLIN) 456
245 14 - TITLE STATEMENT
Title The return /
Statement of responsibility, etc. Mike Evans.
260 0# - PUBLICATION, DISTRIBUTION, ETC.
Place of publication, distribution, etc. Nashville, Tenn. :
Name of publisher, distributor, etc. Thomas Nelson Publishers,
Date of publication, distribution, etc. c1986.
300 ## - PHYSICAL DESCRIPTION
Extent 236 p. ;
Dimensions 24 cm.
504 ## - BIBLIOGRAPHY, ETC. NOTE
Bibliography, etc. note Includes bibliographical references.
630 00 - SUBJECT ADDED ENTRY--UNIFORM TITLE
Uniform title Bible
General subdivision Prophecies.
9 (RLIN) 457
650 #0 - SUBJECT ADDED ENTRY--TOPICAL TERM
Topical term or geographic name entry element Second Advent.
9 (RLIN) 458
942 ## - ADDED ENTRY ELEMENTS (KOHA)
Source of classification or shelving scheme Dewey Decimal Classification
Koha item type Books
Koha issues (borrowed), all copies 2
Holdings
Withdrawn status Lost status Source of classification or shelving scheme Damaged status Not for loan Home library Current Library Shelving location Date acquired Total checkouts Full call number Barcode Date last seen Date last checked out Copy number Price effective from Koha item type
    Dewey Decimal Classification     GRACE BIBLE COLLEGE GRACE BIBLE COLLEGE Theology 2016-10-24 2 236 EVA 009729 2025-05-01 2018-04-09 c.1 2016-10-24 Books
    Dewey Decimal Classification     GRACE BIBLE COLLEGE GRACE BIBLE COLLEGE Theology 2021-07-14   236 EVA 020325 2025-05-01   c.2 2021-07-14 Books
© Grace Bible College Library 2025